000 00490nam a2200181Ia 4500
005 20250326142609.0
008 250326s9999 xx 000 0 und d
037 _aTextbook
040 _aFMSL
_beng
_cFMSL
041 _aeng
_2eng
084 _aX:8D M7
_qFMSL
100 _aAgarwal A K
245 0 _aProblems of Indian fiscal structure
_cAgarwal A K
260 _aDelhi
_bDelhi, Mittal Pub.
_c1987
300 _axii,157
942 _cTB
_hX:8D M7
999 _c1295758
_d1295758